Six Word Movie Title Slot Machine Quiz Stats

Quiz Updated Nov 17, 2016

Challenge
Share
Tweet
Full titles will appear at the bottom of each column when entered.
Score 0/252 Timer 08:00
0 Plays Today
Word Title/ Initials % Correct
OneOFOtCN
92.4%
FlewOFOtCN
92.4%
OverOFOtCN
92.4%
theOFOtCN
92.4%
Cuckoo'sOFOtCN
92.4%
-One Flew Over the Cuckoo's Nest
92.4%
NestOFOtCN
92.4%
CloseCEotTK
91.3%
EncountersCEotTK
91.3%
-Close Encounters of the Third Kind
91.2%
ofCEotTK
91.2%
theCEotTK
91.2%
ThirdCEotTK
91.2%
KindCEotTK
91.2%
CloudyCwaCoM
90.5%
withCwaCoM
90.5%
-Cloudy with a Chance of Meatballs
90.5%
aCwaCoM
90.5%
ChanceCwaCoM
90.5%
ofCwaCoM
90.5%
MeatballsCwaCoM
90.5%
AustinAPIMoM
88.5%
-Austin Powers: International Man of Mystery
88.5%
Powers:APIMoM
88.5%
InternationalAPIMoM
88.5%
ManAPIMoM
88.5%
ofAPIMoM
88.5%
MysteryAPIMoM
88.5%
IndianaIJatLC
88.4%
JonesIJatLC
88.4%
andIJatLC
88.4%
theIJatLC
88.4%
-Indiana Jones and the Last Crusade
88.4%
LastIJatLC
88.4%
CrusadeIJatLC
88.4%
EternalESotSM
87.9%
SunshineESotSM
87.9%
ofESotSM
87.9%
-Eternal Sunshine of the Spotless Mind
87.9%
theESotSM
87.9%
SpotlessESotSM
87.9%
MindESotSM
87.9%
FearFaLiLV
85.4%
andFaLiLV
85.4%
LoathingFaLiLV
85.4%
-Fear and Loathing in Las Vegas
85.4%
inFaLiLV
85.4%
LasFaLiLV
85.4%
VegasFaLiLV
85.4%
ZackZaMMaP
78.8%
andZaMMaP
78.8%
MiriZaMMaP
78.8%
MakeZaMMaP
78.8%
aZaMMaP
78.8%
PornoZaMMaP
78.8%
-Zack and Miri Make a Porno
78.8%
Lock,LSaTSB
77.9%
StockLSaTSB
77.9%
andLSaTSB
77.9%
TwoLSaTSB
77.9%
-Lock, Stock and Two Smoking Barrels
77.9%
SmokingLSaTSB
77.9%
BarrelsLSaTSB
77.9%
AroundAtWiED
73.3%
BornBotFoJ
73%
onBotFoJ
73%
-Born on the Fourth of July
73%
theBotFoJ
73%
FourthBotFoJ
73%
ofBotFoJ
73%
JulyBotFoJ
73%
RomyRaMHSR
72.9%
andRaMHSR
72.9%
Michele'sRaMHSR
72.9%
HighRaMHSR
72.9%
SchoolRaMHSR
72.9%
-Romy and Michele's High School Reunion
72.9%
ReunionRaMHSR
72.9%
-Around the World in Eighty Days
70.8%
WorldAtWiED
70.8%
inAtWiED
70.8%
theAtWiED
70.8%
EightyAtWiED
70.8%
DaysAtWiED
70.8%
Word Title/ Initials % Correct
DivineDSotYS
70.8%
SecretsDSotYS
70.8%
ofDSotYS
70.8%
theDSotYS
70.8%
Ya-YaDSotYS
70.8%
SisterhoodDSotYS
70.8%
-Divine Secrets of the Ya-Ya Sisterhood
70.8%
10TTIHAY
69.6%
-10 Things I Hate About You
69.6%
ThingsTTIHAY
69.6%
ITTIHAY
69.6%
HateTTIHAY
69.6%
AboutTTIHAY
69.6%
YouTTIHAY
69.6%
HoneyHIBUtK
68.4%
IHIBUtK
68.4%
BlewHIBUtK
68.4%
-Honey I Blew Up the Kid
68.4%
UpHIBUtK
68.4%
theHIBUtK
68.4%
KidHIBUtK
68.4%
HowHSGHGB
67.4%
StellaHSGHGB
67.4%
GotHSGHGB
67.4%
-How Stella Got Her Groove Back
67.4%
HerHSGHGB
67.4%
GrooveHSGHGB
67.4%
BackHSGHGB
67.4%
AllAQotWF
66.7%
-All Quiet on the Western Front
66.7%
QuietAQotWF
66.7%
onAQotWF
66.7%
theAQotWF
66.7%
WesternAQotWF
66.7%
FrontAQotWF
66.7%
WhatWtEWYE
64.3%
toWtEWYE
64.3%
ExpectWtEWYE
64.3%
WhenWtEWYE
64.3%
You'reWtEWYE
64.3%
ExpectingWtEWYE
64.3%
-What to Expect When You're Expecting
64.3%
YouYDMwtZ
63.4%
Don'tYDMwtZ
63.4%
MessYDMwtZ
63.4%
withYDMwtZ
63.4%
theYDMwtZ
63.4%
ZohanYDMwtZ
63.4%
-You Don't Mess with the Zohan
63.4%
CatCoaHTR
61.2%
onCoaHTR
61.2%
-Cat on a Hot Tin Roof
61.2%
aCoaHTR
61.2%
HotCoaHTR
61.2%
TinCoaHTR
61.2%
RoofCoaHTR
61.2%
JayJaSBSB
58.1%
andJaSBSB
58.1%
SilentJaSBSB
58.1%
BobJaSBSB
58.1%
-Jay and Silent Bob Strike Back
58.1%
StrikeJaSBSB
58.1%
BackJaSBSB
58.1%
He'sHJNTIY
49.8%
JustHJNTIY
49.8%
NotHJNTIY
49.8%
-He's Just Not That Into You
49.8%
ThatHJNTIY
49.8%
IntoHJNTIY
49.8%
YouHJNTIY
49.8%
BeneathBtPotA
49.7%
theBtPotA
49.7%
-Beneath the Planet of the Apes
49.7%
PlanetBtPotA
49.7%
ofBtPotA
49.7%
theBtPotA
49.7%
ApesBtPotA
49.7%
OnceOUaTiA
49.1%
UponOUaTiA
49.1%
aOUaTiA
49.1%
TimeOUaTiA
49.1%
inOUaTiA
49.1%
-Once Upon a Time in America
49.1%
AmericaOUaTiA
49.1%
Word Title/ Initials % Correct
AttackAot5FW
40.4%
-Attack of the 50 Foot Woman
40.4%
ofAot5FW
40.4%
theAot5FW
40.4%
50Aot5FW
40.4%
FootAot5FW
40.4%
WomanAot5FW
40.4%
DownDaOiBH
38.3%
andDaOiBH
38.3%
OutDaOiBH
38.3%
-Down and Out in Beverly Hills
38.3%
inDaOiBH
38.3%
BeverlyDaOiBH
38.3%
HillsDaOiBH
38.3%
88HiaDB
38.2%
-8 Heads in a Duffel Bag
38.2%
Heads8HiaDB
38.2%
in8HiaDB
38.2%
a8HiaDB
38.2%
Duffel8HiaDB
38.2%
Bag8HiaDB
38.2%
InItHotN
36.4%
theItHotN
36.4%
HeatItHotN
36.4%
ofItHotN
36.4%
-In the Heat of the Night
36.4%
theItHotN
36.4%
NightItHotN
36.4%
BeyondBtVotD
31.2%
theBtVotD
31.2%
-Beyond the Valley of the Dolls
31.2%
ValleyBtVotD
31.2%
ofBtVotD
31.2%
theBtVotD
31.2%
DollsBtVotD
31.2%
ThreeTMaaLL
30.3%
MenTMaaLL
30.3%
andTMaaLL
30.3%
aTMaaLL
30.3%
LittleTMaaLL
30.3%
-Three Men and a Little Lady
30.3%
LadyTMaaLL
30.3%
InItNotF
28.3%
theItNotF
28.3%
NameItNotF
28.3%
ofItNotF
28.3%
-In the Name of the Father
28.3%
theItNotF
28.3%
FatherItNotF
28.3%
ToTGoH3B
25.5%
GillianTGoH3B
25.5%
onTGoH3B
25.5%
HerTGoH3B
25.5%
37thTGoH3B
25.5%
-To Gillian on Her 37th Birthday
25.5%
BirthdayTGoH3B
25.5%
ToTLaDiL
23.9%
LiveTLaDiL
23.9%
andTLaDiL
23.9%
DieTLaDiL
23.9%
inTLaDiL
23.9%
-To Live and Die in L.A.
23.9%
L.A.TLaDiL
23.9%
YouYCTIWY
20.8%
Can'tYCTIWY
20.8%
TakeYCTIWY
20.8%
ItYCTIWY
20.8%
WithYCTIWY
20.8%
YouYCTIWY
20.8%
-You Can't Take It With You
20.8%
WhenWaMLaW
19.8%
aWaMLaW
19.8%
ManWaMLaW
19.8%
LovesWaMLaW
19.8%
aWaMLaW
19.8%
WomanWaMLaW
19.8%
-When a Man Loves a Woman
19.8%
LastLotRHL
14.4%
ofLotRHL
14.4%
theLotRHL
14.4%
RedLotRHL
14.4%
-Last of the Red Hot Lovers
14.4%
HotLotRHL
14.4%
LoversLotRHL
14.4%

You're not logged in!

Compare scores with friends on all Sporcle quizzes.
Join for Free
OR
Log In

Show Comments

Extras

Top Quizzes Today


Score Distribution

Your Account Isn't Verified!

In order to create a playlist on Sporcle, you need to verify the email address you used during registration. Go to your Sporcle Settings to finish the process.

Report this User

Report this user for behavior that violates our Community Guidelines.

Details: